00502 2200193 4500001002100000005001500021008004100036020002200077035001900099041000700118082001500125090002100140100001900161245003100180260003700211300003300248500001100281650001600292INLIS00000000000145520241224112343241224||||||||| | ||| |||| || |  a978-979-054-329-4 0010-1224001455 aid0 a392.992.25 a392.992.25 YUY a0 aYuyus Kardiman00aAdat Masyarakat Kalimantan aBogorbQuandra Inti Solusic2010 avi, 90 hlm. : ilusi. ; 25 cm aCet. 1 0aIlmu Sosial